000 00739cam a2200241 a 4500
001 3851750
003 Nust
005 20220831095618.0
008 870330s1982 enka 000 1 eng c
010 _a 87672540
020 _a9780753724705
040 _aMH
_cMH
_dDLC
050 1 4 _aPR4611
_b.A4x 1984
082 _a823
_bCAR
100 1 _aCarroll, Lewis,
_d1832-1898.
_911981
240 1 0 _aWorks.
_kSelections.
_f1982
245 1 4 _aThe complete illustrated works of Lewis Carroll
_c[illustrated by John Tenniel ... et al.].
260 _aLondon :
_bChancellor,
_c1982
300 _a934 p. :
_bill. ;
_c22 cm.
700 1 _aTenniel, John,
_d1820-1914.
_927984
906 _a7
_bcbc
_corignew
_du
_encip
_f19
_gy-gencatlg
942 _2ddc
_cBK
999 _c173310
_d173310